000 00685cam a2200241 4500
999 _c5843
_d5843
001 2691962
003 GBCCL
005 20241126110551.0
008 720511s1972 ilua 000 0 eng
010 _a 75189627
040 _aDLC
_cDLC
_dDLC
050 0 0 _aBV4520
_b.A54
082 0 0 _a248.5
_bAND
100 1 _aAnderson, Ken,
_d1917-2006.
_910582
245 1 2 _aA coward's guide to witnessing
_c[by] Ken Anderson.
250 _a[1st ed.]
260 _aCarol Stream, Ill.,
_bCreation House
_c[1972]
300 _a157 p.
_billus.
_c22 cm.
350 _a$3.95
650 0 _aWitness-bearing (Christianity)
_9428
906 _a7
_bcbc
_corignew
_d2
_encip
_f19
_gy-gencatlg
942 _2ddc
_cBK